10 Najwartościowszych Hiszpanów - Statystyki

Ogólne statystyki
  • Ten quiz został rozwiązany 64 razy
  • Średni wynik to 4 z 10
Statystyki odpowiedzi
Wartość Piłkarz % Poprawnych
40 mln De Gea
69%
40 mln Alba
67%
64 mln Rodri
55%
48 mln Koke
50%
72 mln Saul
48%
45 mln Torres
38%
48 mln Thiago
36%
48 mln Oyarzabal
33%
48 mln Fabian
23%
44 mln Alberto
3%
Nie znaleziono quizów pasujących do podanych kryteriów
Rozkład punktacji
Procent ludzi z każdym wynikiem
Percentyl według liczby udzielonych odpowiedzi
Twoja historia wyników
Nie rozwiązałeś tego quizu